000 00429nam a22001337a 4500
008 171027b xxu||||| |||| 00| 0 eng d
022 _a0738-55871
082 _2April - June 2006, v.153 n.7-11
_aDPer 650.5
_bF779
245 _aFortune.
260 _aLondon:
_bUnparalleled Communication,
_cApril-June 2006.
300 _a1(various paging):
_bcolor illustrations;
_c27 cm
650 0 _923034
_aBusiness
_vPeriodicals
942 _2ddc
_cPER
999 _c7622
_d7622